LA HISTORIA DE LOS JUDIOS. (Registro nro. 55976)
[ vista simple ]
| 000 -LEADER | |
|---|---|
| fixed length control field | 01148nam a2200229 a 4500 |
| 001 - CONTROL NUMBER | |
| control field | 55976 |
| 005 - DATE AND TIME OF LATEST TRANSACTION | |
| control field | 20180714051522.0 |
| 008 - FIXED-LENGTH DATA ELEMENTS--GENERAL INFORMATION | |
| fixed length control field | 140415s2010 sp 000 0 spa d |
| 020 ## - INTERNATIONAL STANDARD BOOK NUMBER | |
| International Standard Book Number | 9788498724080 |
| 041 ## - LANGUAGE CODE | |
| Language code of text/sound track or separate title | spa |
| 082 ## - DEWEY DECIMAL CLASSIFICATION NUMBER | |
| Classification number | 306.695 |
| Item number | JOH |
| 100 1# - MAIN ENTRY--PERSONAL NAME | |
| Personal name | JOHNSON, PAUL -JHONSON, PAUL |
| 245 13 - TITLE STATEMENT | |
| Title | LA HISTORIA DE LOS JUDIOS. |
| 250 ## - EDITION STATEMENT | |
| Edition statement | 1a ed. |
| 260 ## - PUBLICATION, DISTRIBUTION, ETC. | |
| Place of publication, distribution, etc. | ESPAÑA : |
| Name of publisher, distributor, etc. | EDICIONES B, S.A., |
| Date of publication, distribution, etc. | 2010. |
| 300 ## - PHYSICAL DESCRIPTION | |
| Extent | 946 ; |
| Dimensions | 12.5 x 5.5 x 20. |
| 490 ## - SERIES STATEMENT | |
| Series statement | ZETA |
| 520 ## - SUMMARY, ETC. | |
| Summary, etc. | DESDE EL DESCUBRIMIENTO DEL MONOTEISMO POR LOS ISRAELITAS HASTA SUS APORTACIONES EN LA CREACION Y EL DESARROLLO DEL CAPITALISMO, EL SOCIALISMO Y EL PSICOANALISIS, EL GENIO JUDIO SE PERCIBE EN TODAS LAS MANIFESTACIONES ARTISTICAS, CIENTIFICAS Y DEL PENSAMIENTO. EL HISTORIADOR PAUL JOHNSON SEÑALA ALGUNAS DE LAS CONTRADICCIOES INHERENTES AL HECHO DE SER JUDIO, COMO POR EJEMPLO, LA RACIONALIDAD FRENTE AL MISTICISMO Y OBSERVA UN PECULIAR NACIONALISMO, EXPRESADO YA EN EL LIBRO DE LOS MACABEO |
| 650 14 - SUBJECT ADDED ENTRY--TOPICAL TERM | |
| Topical term or geographic name entry element | IDENTIDAD CULTURAL |
| General subdivision | NACIONALISMO |
| -- | ISRAEL |
| -- | JUDAISMO |
| -- | POLITICA Y RELIGION |
| 700 1# - ADDED ENTRY--PERSONAL NAME | |
| Personal name | LEAL,ANIBALI |
| Relator term | tr. |
| 740 0# - ADDED ENTRY--UNCONTROLLED RELATED/ANALYTICAL TITLE | |
| Uncontrolled related/analytical title | A HISTORY OF THE JEWS |
| Withdrawn status | Lost status | Source of classification or shelving scheme | Damaged status | Not for loan | Collection code | Home library | Current library | Shelving location | Date acquired | Source of acquisition | Inventory number | Total Checkouts | Full call number | Barcode | Date last seen | Date last checked out | Price effective from | Koha item type |
|---|---|---|---|---|---|---|---|---|---|---|---|---|---|---|---|---|---|---|
| Dewey Decimal Classification | General | Biblioteca Karol Wojtyla | Biblioteca Karol Wojtyla | Sala general | 03/12/2013 | Compra | 151000000000000000053251 | 3 | 306.695 JOH | 84139 | 05/01/2026 | 23/03/2022 | 28/05/2014 | Libro |